| 000 | 00971 a2200229 4500 | ||
|---|---|---|---|
| 003 | OSt | ||
| 005 | 20230331141301.0 | ||
| 008 | 220729s2015 mx a||||r|||| 00| 0 spa d | ||
| 020 | _a9786074028560 | ||
| 040 | _cCHAP | ||
| 082 | 0 | 0 |
_a307.1213098 _bH55 _222 |
| 100 | 1 |
_954386 _aHernández Moreno, María del Carmen |
|
| 245 | 1 | 0 |
_aTerritorio y gestión del desarrollo : _bepistemologías y experiencias / _cpor María del Carmen Hernández Moreno, César Adrián Ramírez Miranda y Carlos Ricardo Menéndez Gámiz |
| 264 |
_aMéxico, D. F. : _bRed de Gestión Territorial del Desarrollo Rural : _bPlaza y Valdés, _c2015. |
||
| 300 |
_a355 páginas. _bfiguras, gráficas, cuadros. |
||
| 504 | _aIncluye referencias. | ||
| 650 | 2 |
_9131196 _aDesarrollo rural _zAmérica Latina |
|
| 650 | 2 |
_9186585 _aOrdenamiento territorial _zAmérica Latina |
|
| 700 | 1 |
_994152 _aRamírez Miranda, César Adrián |
|
| 700 | 1 |
_9186583 _aMenéndez Gamíz, Carlos Ricardo |
|
| 942 |
_2ddc _cLIBRO |
||
| 999 |
_c217405 _d217405 |
||